000 00582nam a2200169 4500
001 161495
003 ES-MaACL
005 20230906212310.0
008 950126m18541855it |||| | lat d
040 _aEUS
_bspa
_cEUS
100 1 _aPassaglia, Carlo (
_d1812-1887)
_9130881
245 1 0 _aDe immaculato deiparae semper virginis conceptu
_b: commentarius /
_cCaroli Passaglia.
260 _aRomae :
_b[s.n.],
_c1854-1855 (
_fTypis S. Congregationis de Propaganda Fide)
300 _a3 v. ;
_c31 cm.
599 _aContraport. con grab.
852 _aES-MaACL
_jL-5067-69
_z-- Enc. hol.
999 _c161495
_d161495